Loreto College Library, Kolkata
WEBOPAC (ONLINE PUBLIC ACCESS CATALOGUE)

The growth of basic mathematical and scientific concepts in children (Record no. 28313)

MARC details
000 -LEADER
fixed length control field 00542nam a2200193Ia 4500
008 - FIXED-LENGTH DATA ELEMENTS--GENERAL INFORMATION
fixed length control field 131103s9999 xx 000 0 und d
040 ## - CATALOGING SOURCE
Original cataloging agency Loreto College
041 ## - LANGUAGE CODE
Language code English
082 ## - DDC | ডিউই
Classification number | বর্গসংখ্যা 510.7/LOV
Book Number | গ্রন্থাঙ্ক LCBED/3445
100 ## - MAIN ENTRY--PERSONAL NAME | মুখ্য সংলেখ - ব্যাক্তিনাম
Personal name | ব্যাক্তিনাম Lovell, K.
245 #4 - TITLE STATEMENT | অাখ্যা বিবরণী
Title | অাখ্যা The growth of basic mathematical and scientific concepts in children
Statement of responsibility | লেখকের দায়িত্বের বিবরণ K. Lovell
260 ## - IMPRINT | প্রকাশনা ক্ষেত্র
Place of publication | প্রকাশ স্থান London
Name of publisher | প্রকাশকের নাম University of London
Date of publication | প্রকাশ কাল [19?]
300 ## - PHYSICAL DESCRIPTION |
Page / Vol. No | পৃষ্ঠা / খন্ড সংখ্যা 158p.
440 ## - SERIES STATEMENT |গ্রন্থমালা
Series Title | গ্রন্থমালা অাখ্যা Unibooks
504 ## - BIBLIOGRAPHY, ETC. NOTE
Bibliography, etc Includes index
650 ## - SUBJECT ADDED ENTRY--TOPICAL TERM | বিষয় শিরোনাম - মূল বিষয়
Topical term | মূল বিষয় Mathematics
850 ## - HOLDING INSTITUTION
Holding institution LCBED/510.7/LOV
942 ## - ADDED ENTRY ELEMENTS (KOHA)
Koha item type Books
Holdings
Withdrawn status Lost status Source of classification Damaged status Not for loan Home library Current library Date acquired Total Checkouts Full call number Accession No. Date last seen Price effective from Koha item type
Withdrawn   Dewey Decimal Classification     Loreto College Loreto College 04/11/2013   510.7/LOV LCBED/3445 B31158 04/11/2013 04/11/2013 Books